[Event "SK Herne-Sodingen 1 - SV Erkenschwick 1"]
[Site "NRW-Klasse, Gruppe 2 2010/201"]
[Date "2011.01.30"]
[Round "6.8"]
[White "Kaehmann, Joerg"]
[Black "Schulze Bisping, Franz-Adolf"]
[Result "1/2-1/2"]
[WhiteElo "2170"]
[BlackElo "1942"]
[PlyCount "148"]
[EventDate "2011.??.??"]

1. g3 f5 2. d4 g6 3. Bg2 Nh6 4. h4 Nf7 5. Nf3 Bg7 6. h5 d6 7. c3 c6 8. Qb3 Qb6
9. Qc2 Nd7 10. hxg6 hxg6 11. Rxh8+ Nxh8 12. Nh4 Nf6 13. Bg5 Nh7 14. Be3 Qc7 15.
Nd2 Bd7 16. O-O-O Bf6 17. Rh1 Nf8 18. Bh6 O-O-O 19. e4 e6 20. f4 Nf7 21. Bxf8
Rxf8 22. e5 dxe5 23. dxe5 Bd8 24. Nhf3 g5 25. Rh7 gxf4 26. gxf4 c5 27. Nc4 Be7
28. Qd1 b5 29. Ne3 Bc6 30. Qh1 Qd7 31. Nd2 Kc7 32. Bxc6 Qxc6 33. Qh5 Qe8 34.
Qg6 Nd8 35. Qg5 Rf7 36. Qh5 Rf8 37. Qh6 Qd7 38. Nb3 Nb7 39. Rg7 a5 40. Qh7 Re8
41. a4 Kb6 42. axb5 Kxb5 43. Nd2 Ka6 44. Ndc4 Qd8 45. Qg6 Ka7 46. Qf7 Qc8 47.
Rg6 Bf8 48. Rg8 Rd8 49. Rh8 Ka6 50. b3 Ka7 51. Nxa5 Rd7 52. Qxf8 Qxf8 53. Rxf8
Nxa5 54. Kc2 Rb7 55. Re8 Rb6 56. Rc8 Nxb3 57. Nc4 Na1+ 58. Kd3 Rb1 59. Nd2 Rd1
60. Ke2 Rh1 61. Rxc5 Rh2+ 62. Kd3 Rxd2+ 63. Kc4 Nc2 64. Rc6 Ne3+ 65. Kb5 Nd5
66. c4 Nxf4 67. Rc7+ Kb8 68. Kc6 Rc2 69. Rb7+ Ka8 70. Rb4 Nd3 71. Ra4+ Kb8 72.
Kd6 f4 73. Ra3 Nxe5 74. Kxe5 Rxc4 1/2-1/2

[Event "SK Münster 2 - Kölner SK Dr. Lasker 1"]
[Site "NRW-Klasse, Gruppe 2 2010/201"]
[Date "2011.01.30"]
[Round "6.1"]
[White "Marcziter, Dmitrii"]
[Black "Emunds, Hans Georg"]
[Result "1/2-1/2"]
[WhiteElo "2243"]
[BlackElo "2141"]
[Annotator "Hausrath,Daniel"]
[PlyCount "89"]
[EventDate "2011.??.??"]

1. d4 Nf6 2. Nf3 b6 3. c4 e6 4. a3 Bb7 5. Nc3 d5 6. cxd5 Nxd5 7. Qc2 Nxc3 8.
bxc3 Nd7 9. e4 c5 10. Bd3 Qc7 11. Qb1 g6 12. O-O Bg7 $11 13. Bg5 O-O 14. h3
Rfe8 15. Qd1 Nf6 16. Qe2 Rac8 17. Rfd1 Qb8 18. Ne5 Qa8 19. f3 cxd4 20. cxd4 a6
21. a4 h6 22. Be3 Red8 23. Rdb1 Nd7 24. Nc4 Rc6 25. Ra3 Qc8 26. Rab3 Qc7 27. e5
Rc8 28. Nd6 Rxd6 29. exd6 Qxd6 30. Bxa6 Bxa6 31. Qxa6 Rc2 32. Qd3 Ra2 33. Rb4
Qg3 34. Qf1 Bf8 35. R4b2 Rxa4 36. Qb5 Ra7 37. Bf2 Qf4 38. Qd3 Bg7 39. Qe4 Qd6
40. Rc2 Nf6 41. Qc6 Qxc6 42. Rxc6 Nd5 43. Rc2 Ra4 44. Rd2 h5 45. h4 1/2-1/2

[Event "SK Münster 2 - Kölner SK Dr. Lasker 1"]
[Site "NRW-Klasse, Gruppe 2 2010/201"]
[Date "2011.01.30"]
[Round "6.2"]
[White "Chilla, Jan Eric"]
[Black "Loseries, Uwe"]
[Result "1/2-1/2"]
[WhiteElo "2096"]
[BlackElo "2096"]
[PlyCount "37"]
[EventDate "2011.??.??"]

1. Nf3 Nf6 2. c4 g6 3. Nc3 Bg7 4. e4 d6 5. d4 O-O 6. h3 Na6 7. Bg5 Qe8 8. g4 c5
9. dxc5 Nxc5 10. Qc2 Bd7 11. Bg2 Rc8 12. a4 Ne6 13. Bxf6 Bxf6 14. Nd5 Bg7 15.
O-O Nc5 16. a5 e6 17. Nc3 Bxc3 18. Qxc3 Nxe4 19. Qd4 1/2-1/2

[Event "SK Münster 2 - Kölner SK Dr. Lasker 1"]
[Site "NRW-Klasse, Gruppe 2 2010/201"]
[Date "2011.01.30"]
[Round "6.3"]
[White "Hoeren, Andreas"]
[Black "Mueschenich, Stefan"]
[Result "0-1"]
[WhiteElo "2103"]
[BlackElo "2081"]
[PlyCount "62"]
[EventDate "2011.??.??"]

1. d4 Nf6 2. Nc3 d5 3. Bg5 Bf5 4. Bxf6 gxf6 5. e3 e6 6. Nf3 c5 7. Bb5+ Nc6 8.
O-O Bg4 9. Re1 f5 10. Na4 cxd4 11. Qxd4 Rg8 12. Ne5 Qc7 13. c4 O-O-O 14. Nxc6
bxc6 15. Ba6+ Kb8 16. cxd5 Rxd5 17. Qc3 Bf3 18. Bf1 Bd6 19. g3 Rg4 20. b4 Rxb4
21. Rab1 Qb7 22. Qh8+ Qc8 23. Qxh7 Ra5 24. Nc3 Ra3 25. Rxb4+ Bxb4 26. Rb1 a5
27. Ne2 Rxa2 28. Nc1 Rd2 29. Qh4 Be4 30. Bd3 Rd1+ 31. Bf1 Bxb1 0-1

[Event "SK Münster 2 - Kölner SK Dr. Lasker 1"]
[Site "NRW-Klasse, Gruppe 2 2010/201"]
[Date "2011.01.30"]
[Round "6.4"]
[White "Davenport, Darcy"]
[Black "Cramer, Volker"]
[Result "1-0"]
[WhiteElo "2077"]
[BlackElo "2054"]
[PlyCount "115"]
[EventDate "2011.??.??"]

1. Nf3 e6 2. c4 b6 3. g3 Bb7 4. Bg2 f5 5. O-O Nf6 6. d4 Be7 7. Nc3 O-O 8. d5
Bc5 9. Nd4 Qe7 10. d6 Qxd6 11. Bxb7 Bxd4 12. Bxa8 c6 13. e3 Be5 14. Qxd6 Bxd6
15. Bb7 Bb4 16. Ne2 Be7 17. b3 Kf7 18. Bb2 Ne4 19. Rfd1 Nc5 20. Ba8 Nba6 21.
Bxc6 dxc6 22. Bc3 Rc8 23. Rac1 g5 24. Kg2 Ke8 25. f3 Nb7 26. g4 fxg4 27. fxg4
Nac5 28. Be5 a5 29. Ng3 Nd7 30. Bc3 Nbc5 31. Kf3 Kf7 32. Ne4 Rf8 33. Nxc5 Kg6+
34. Ke2 Nxc5 35. Be5 Ne4 36. Rf1 Ra8 37. a4 Ra7 38. Kd3 Nc5+ 39. Kc2 Rb7 40.
Bd4 Na6 41. Bc3 Nc5 42. Rcd1 Ne4 43. Bd4 Rb8 44. Kd3 Nd6 45. Be5 Rb7 46. Bxd6
Bxd6 47. Rf2 h6 48. Ke4 Be7 49. Rfd2 Bc5 50. Rd7 Rb8 51. Rd8 Rxd8 52. Rxd8 Kf6
53. Rh8 Kg7 54. Rc8 Kf6 55. Rxc6 Ke7 56. Ke5 Bxe3 57. Rxe6+ Kf7 58. Kf5 1-0

[Event "SK Münster 2 - Kölner SK Dr. Lasker 1"]
[Site "NRW-Klasse, Gruppe 2 2010/201"]
[Date "2011.01.30"]
[Round "6.5"]
[White "Cmiel, Thorsten"]
[Black "Wellen, Hendrik"]
[Result "1-0"]
[WhiteElo "2189"]
[BlackElo "2045"]
[Annotator "Hausrath,Daniel"]
[PlyCount "107"]
[EventDate "2011.??.??"]

1. Nf3 d5 2. c4 e6 3. g3 Nf6 4. Bg2 Be7 5. O-O O-O 6. b3 b6 7. Bb2 Bb7 8. e3
Nbd7 9. Nc3 Nc5 10. d4 Nce4 11. Ne5 dxc4 12. bxc4 Nxc3 13. Bxc3 Bxg2 14. Kxg2
Ne4 15. Qd3 Nxc3 16. Nc6 Qe8 17. Nxe7+ Qxe7 18. Qxc3 Qd6 $11 19. Rfd1 Rfd8 20.
f3 Rd7 21. Rd3 Rad8 22. Rad1 e5 23. dxe5 Qxd3 24. Rxd3 Rxd3 25. Qb4 c5 26. Qa4
Rxe3 27. f4 h5 28. Kh3 Re2 29. Qxa7 Rdd2 30. Kh4 Rxh2+ 31. Kg5 Rxa2 32. Qd7 Ra3
33. Qe8+ Kh7 34. Qxf7 Rxg3+ 35. Kf5 Re3 36. Qg6+ Kg8 37. Qe8+ Kh7 38. Qg6+ Kg8
39. Ke6 Rf2 40. Qe8+ Kh7 41. Qxh5+ Kg8 42. Qe8+ Kh7 43. Qh5+ Kg8 44. f5 Rfe2
45. Qe8+ Kh7 46. Qg6+ Kg8 47. f6 Rxe5+ 48. Kd7 Rd2+ 49. Kc8 Rg2 50. Qxg2 g5 51.
Qb7 Re8+ 52. Kd7 Kf7 53. Qd5+ Kf8 54. Qxg5 1-0

[Event "SK Münster 2 - Kölner SK Dr. Lasker 1"]
[Site "NRW-Klasse, Gruppe 2 2010/201"]
[Date "2011.01.30"]
[Round "6.6"]
[White "Kammers, Heribert"]
[Black "Mews, Bernhard"]
[Result "1-0"]
[WhiteElo "2053"]
[BlackElo "2049"]
[PlyCount "65"]
[EventDate "2011.??.??"]

1. d4 Nf6 2. Nf3 c5 3. e3 g6 4. Be2 Bg7 5. O-O O-O 6. dxc5 Qc7 7. Nc3 Qxc5 8.
e4 Nc6 9. a3 d6 10. Be3 Qa5 11. Nd4 Bd7 12. f3 Rac8 13. Qd2 Rfe8 14. b4 Qd8 15.
Nd1 Ne5 16. Bf2 d5 17. exd5 Nxd5 18. Rc1 Nb6 19. Nb2 Nec4 20. Nxc4 Nxc4 21.
Bxc4 Rxc4 22. Rfd1 Qc7 23. Nb3 Bb5 24. Nc5 Bb2 25. Rb1 Bxa3 26. c3 b6 27. Ne4
a5 28. Qh6 Rxe4 29. fxe4 Ba4 30. Rd3 f6 31. Rh3 e5 32. Ra1 Bd7 33. Qxh7+ 1-0

[Event "SK Münster 2 - Kölner SK Dr. Lasker 1"]
[Site "NRW-Klasse, Gruppe 2 2010/201"]
[Date "2011.01.30"]
[Round "6.7"]
[White "Eckler, Klaus"]
[Black "Borrink, Joern"]
[Result "0-1"]
[WhiteElo "2030"]
[BlackElo "2075"]
[PlyCount "108"]
[EventDate "2011.??.??"]

1. Nf3 d5 2. g3 Nf6 3. Bg2 c6 4. c4 e6 5. O-O Nbd7 6. b3 Bd6 7. d4 Ne4 8. Qc2
f5 9. Ba3 Bxa3 10. Nxa3 O-O 11. Qb2 f4 12. Nd2 Nd6 13. Nc2 Qg5 14. e3 fxg3 15.
fxg3 Nf6 16. Nf3 Qh6 17. Ne5 Nf7 18. Qa3 Re8 19. Nxf7 Kxf7 20. Qd6 Kg8 21. Rf4
Qg5 22. Raf1 dxc4 23. bxc4 e5 24. h4 Qxg3 25. R4f3 Qg6 26. dxe5 Bg4 27. exf6
Bxf3 28. Rxf3 Rad8 29. Qc7 Qf7 30. Qg3 Re6 31. fxg7 Qxg7 32. Qxg7+ Kxg7 33. Nd4
Rf6 34. Nf5+ Kf8 35. e4 Rd2 36. h5 Rxa2 37. e5 Rf7 38. e6 Rf6 39. Bh3 Re2 40.
Re3 Rxe6 41. Rd3 Rb2 42. Ne3 Re5 43. Bg4 a5 44. Kf1 b5 45. Bd7 Rc5 46. Ke1 bxc4
47. Rc3 a4 48. Bf5 Re5 49. Kd1 Rb3 50. Rxc4 Rbxe3 51. Bxh7 a3 52. Ra4 Rxh5 53.
Kd2 Rg3 54. Be4 Rh2+ 0-1

[Event "SK Münster 2 - Kölner SK Dr. Lasker 1"]
[Site "NRW-Klasse, Gruppe 2 2010/201"]
[Date "2011.01.30"]
[Round "6.8"]
[White "Kaufhold, Thomas"]
[Black "Kloss, Henning"]
[Result "0-1"]
[WhiteElo "1986"]
[BlackElo "2062"]
[PlyCount "48"]
[EventDate "2011.??.??"]

1. d4 Nf6 2. c4 g6 3. Nc3 d5 4. Bf4 Bg7 5. Nf3 O-O 6. Rc1 dxc4 7. e4 Bg4 8.
Bxc4 Bxf3 9. gxf3 Nh5 10. Be3 e5 11. d5 c6 12. Qb3 b5 13. Be2 Nf4 14. dxc6 Nxc6
15. Nxb5 Nxe2 16. Kxe2 Nd4+ 17. Nxd4 exd4 18. Bf4 Qf6 19. Bc7 Qa6+ 20. Qc4 Qb7
21. b4 Rac8 22. Qc5 Bh6 23. Rc4 Bf4 24. Rhc1 Rxc7 0-1

[Event "Kölner SK Dr. Lasker 1 - SK Herne-Sodin"]
[Site "NRW-Klasse, Gruppe 2 2010/201"]
[Date "2011.02.20"]
[Round "7.1"]
[White "Tomaszewski, Roman"]
[Black "Marcziter, Dmitrii"]
[Result "1-0"]
[WhiteElo "2301"]
[BlackElo "2243"]
[PlyCount "59"]
[EventDate "2011.??.??"]

1. c4 Nf6 2. Nc3 d6 3. g3 e5 4. Bg2 Be7 5. e4 O-O 6. Nge2 c6 7. b3 a6 8. d4
Nbd7 9. f4 Re8 10. O-O exd4 11. Nxd4 Bf8 12. Re1 Qc7 13. Kh1 Nc5 14. h3 a5 15.
Rb1 g6 16. a3 Bg7 17. b4 axb4 18. axb4 Ne6 19. Nde2 Nf8 20. Qd3 Be6 21. f5 Bc8
22. Bf4 N8d7 23. Bxd6 Qb6 24. c5 Qa7 25. Rb2 b6 26. Nd4 bxc5 27. Nxc6 Qb6 28.
e5 Bb7 29. b5 Nh5 30. Nd5 1-0

[Event "Kölner SK Dr. Lasker 1 - SK Herne-Sodin"]
[Site "NRW-Klasse, Gruppe 2 2010/201"]
[Date "2011.02.20"]
[Round "7.2"]
[White "Loseries, Uwe"]
[Black "Langers, Alexander"]
[Result "0-1"]
[WhiteElo "2096"]
[BlackElo "2155"]
[PlyCount "120"]
[EventDate "2011.??.??"]

1. d4 d5 2. c4 e6 3. Nf3 Nf6 4. Bg5 Be7 5. e3 O-O 6. Bd3 c5 7. O-O b6 8. Nc3
Bb7 9. Qe2 Ne4 10. Bf4 f5 11. Rfd1 Nd7 12. Ne5 Ndf6 13. f3 Nxc3 14. bxc3 Qe8
15. Bg3 Rd8 16. Rac1 Bd6 17. cxd5 Bxd5 18. Bc4 Bxc4 19. Qxc4 Nd5 20. Bf2 b5 21.
Qe2 c4 22. Qc2 Rc8 23. Rb1 a5 24. e4 Nf4 25. exf5 Bxe5 26. dxe5 exf5 27. Bd4
Nd3 28. Rxd3 cxd3 29. Qxd3 Rc4 30. e6 Qxe6 31. Rxb5 Rcc8 32. Rxa5 Ra8 33. Re5
Qxa2 34. h3 Rab8 35. Re2 Qa1+ 36. Kh2 Qa3 37. f4 Qb3 38. Re5 Qf7 39. Qg3 Rb7
40. Qe3 h6 41. Re6 Ra8 42. Qe2 Kh7 43. Re3 Ra2 44. Qd3 Rbb2 45. Rg3 g6 46. c4
Rc2 47. Bc3 Qb7 48. Qd5 Qxd5 49. cxd5 Ra3 50. Be5 Rxg3 51. Kxg3 Rd2 52. d6 Kg8
53. Kf3 Kf7 54. g3 Rd3+ 55. Kf2 Ke6 56. Bg7 h5 57. Be5 Kd5 58. h4 Ke4 59. Ke2
Rd5 60. Kf2 Rd2+ 0-1

[Event "Kölner SK Dr. Lasker 1 - SK Herne-Sodin"]
[Site "NRW-Klasse, Gruppe 2 2010/201"]
[Date "2011.02.20"]
[Round "7.3"]
[White "Schippan, Bernhard"]
[Black "di Franco, Patricio"]
[Result "1-0"]
[WhiteElo "2222"]
[BlackElo "2053"]
[Annotator "Hausrath,Daniel"]
[PlyCount "85"]
[EventDate "2011.??.??"]

1. e4 c5 2. Nf3 g6 3. c3 Bg7 4. d4 cxd4 5. cxd4 d5 6. exd5 Nf6 7. Bb5+ Nbd7 8.
Nc3 O-O 9. Bxd7 Nxd7 10. O-O Nb6 11. Qb3 h6 12. Bf4 Bf5 13. Rfe1 Rc8 14. Ne5
Kh7 15. h3 f6 16. Nf3 g5 17. Bg3 Re8 18. d6 exd6 19. Rxe8 Qxe8 20. Bxd6 Qc6 21.
Bg3 Qc4 22. Qxc4 Nxc4 23. b3 Na3 24. Nd5 Be4 25. Ne3 Nb1 $11 26. Nc4 Bf8 27.
Nfd2 Nxd2 28. Nxd2 Bd5 29. Nf1 Bb4 30. Rd1 Be4 31. d5 f5 32. d6 Bc6 33. Be5 Re8
34. Bf6 Re1 35. Rxe1 Bxe1 36. Ne3 Kg6 37. Bd4 Bb4 38. Nc4 Kf7 39. a3 Be1 40.
Kf1 Ke6 41. g3 Kd5 42. Bg7 b5 43. Ne3+ 1-0

[Event "Kölner SK Dr. Lasker 1 - SK Herne-Sodin"]
[Site "NRW-Klasse, Gruppe 2 2010/201"]
[Date "2011.02.20"]
[Round "7.4"]
[White "van Muenster, Kirsten"]
[Black "Waldschmidt, Georg"]
[Result "1/2-1/2"]
[WhiteElo "2081"]
[BlackElo "2188"]
[PlyCount "31"]
[EventDate "2011.??.??"]

1. c4 Nf6 2. g3 c5 3. Bg2 e6 4. Nf3 Nc6 5. O-O d5 6. cxd5 exd5 7. d4 Be7 8.
dxc5 Bxc5 9. Bg5 O-O 10. Nc3 d4 11. Bxf6 Qxf6 12. Nd5 Qf5 13. Ne1 Rd8 14. Nf4
Bb6 15. Rc1 Qb5 16. Ned3 1/2-1/2

[Event "Kölner SK Dr. Lasker 1 - SK Herne-Sodin"]
[Site "NRW-Klasse, Gruppe 2 2010/201"]
[Date "2011.02.20"]
[Round "7.5"]
[White "Becker, Joerg"]
[Black "Hoeren, Andreas"]
[Result "1/2-1/2"]
[WhiteElo "2176"]
[BlackElo "2103"]
[PlyCount "40"]
[EventDate "2011.??.??"]

1. Nf3 d5 2. c4 e6 3. g3 dxc4 4. Qa4+ Nd7 5. Bg2 a6 6. Qxc4 b5 7. Qc2 Bb7 8.
O-O c5 9. d3 Ngf6 10. b3 Be7 11. Bb2 O-O 12. Nbd2 Qb6 13. Rac1 Rac8 14. Qb1
Rfd8 15. h3 Ne8 16. e4 Bf6 17. Rfd1 Bxb2 18. Qxb2 Nb8 19. Nf1 Nc6 20. Ne3 Nd4
1/2-1/2

[Event "Kölner SK Dr. Lasker 1 - SK Herne-Sodin"]
[Site "NRW-Klasse, Gruppe 2 2010/201"]
[Date "2011.02.20"]
[Round "7.6"]
[White "Cramer, Volker"]
[Black "Berndt, Joachim"]
[Result "0-1"]
[WhiteElo "2054"]
[BlackElo "2118"]
[PlyCount "78"]
[EventDate "2011.??.??"]

1. d4 f5 2. Nf3 Nf6 3. g3 g6 4. Bg2 Bg7 5. O-O O-O 6. c4 d6 7. Nc3 Nc6 8. Qc2
e5 9. dxe5 dxe5 10. Rd1 Bd7 11. Bg5 Qe8 12. Nd5 Rc8 13. Nxf6+ Bxf6 14. Bxf6
Rxf6 15. Qc3 Rf8 16. Rd2 Rd8 17. Ng5 e4 18. h4 h6 19. Nh3 Be6 20. Rad1 Rxd2 21.
Rxd2 Bf7 22. Nf4 Qe5 23. Qe3 Rd8 24. Nd5 Kg7 25. f4 exf3 26. Qxf3 Ne7 27. Rd3
Nxd5 28. cxd5 Qxb2 29. e4 fxe4 30. Qxe4 Re8 31. Qf3 Qb6+ 32. Kh2 Qd6 33. Qd1
Re5 34. Qa1 Qf6 35. Qd1 Qd6 36. Qa1 Kf8 37. Qb1 b6 38. Rd4 c6 39. Qc1 Bxd5 0-1

[Event "Kölner SK Dr. Lasker 1 - SK Herne-Sodin"]
[Site "NRW-Klasse, Gruppe 2 2010/201"]
[Date "2011.02.20"]
[Round "7.7"]
[White "Kaehmann, Joerg"]
[Black "Beeker, Detlef"]
[Result "1-0"]
[WhiteElo "2170"]
[BlackElo "2235"]
[PlyCount "59"]
[EventDate "2011.??.??"]

1. d4 Nf6 2. c4 g6 3. Nc3 Bg7 4. e4 d6 5. Nf3 O-O 6. Be2 e5 7. O-O exd4 8. Nxd4
Re8 9. f3 c6 10. Nc2 Nh5 11. Be3 f5 12. Qd2 fxe4 13. Nxe4 Bf5 14. Nxd6 Na6 15.
c5 Bxc2 16. Qxc2 Nb4 17. Qb3+ Nd5 18. Nxe8 Qxe8 19. Bc4 Kh8 20. Bxd5 cxd5 21.
Rad1 Rd8 22. Bd4 Nf4 23. Bxg7+ Kxg7 24. Rfe1 Qf7 25. Qe3 Rd7 26. Rd4 g5 27. g3
Ng6 28. Qxg5 Qxf3 29. Rf4 Qd3 30. Qf6+ 1-0

[Event "Kölner SK Dr. Lasker 1 - SK Herne-Sodin"]
[Site "NRW-Klasse, Gruppe 2 2010/201"]
[Date "2011.02.20"]
[Round "7.8"]
[White "Strohmeyer, Jochen"]
[Black "Trzaska, Peter"]
[Result "1/2-1/2"]
[WhiteElo "2143"]
[BlackElo "2032"]
[PlyCount "88"]
[EventDate "2011.??.??"]

1. e4 d5 2. exd5 Nf6 3. d4 Nxd5 4. c4 Nb6 5. Be3 e5 6. Nc3 exd4 7. Qxd4 Qxd4 8.
Bxd4 Nc6 9. O-O-O Nxd4 10. Rxd4 Bc5 11. Rf4 Be6 12. Ne4 Be7 13. Nf3 h6 14. h4
O-O-O 15. Ne5 Rd4 16. Nf3 Rdd8 17. Ne5 Rhf8 18. Be2 Nd7 19. Nxd7 Rxd7 20. Rd1
Rxd1+ 21. Bxd1 f5 22. Nc3 Bd6 23. Rf3 Bxc4 24. Bc2 Be6 25. Nb5 Bc5 26. Rc3 Bb6
27. Rg3 a6 28. Nc3 Bd4 29. Bb3 Bxb3 30. axb3 c6 31. f3 Re8 32. Kd2 Re7 33. Rg6
Bf6 34. g3 Kd7 35. h5 a5 36. Kd3 b5 37. g4 Ke6 38. gxf5+ Kxf5 39. Ne4 Ra7 40.
Nxf6 gxf6 41. Rxh6 a4 42. Rh8 a3 43. bxa3 Rxa3 44. Kc3 Ra1 1/2-1/2

[Event "SV Erkenschwick 1 - SF Monheim 1"]
[Site "NRW-Klasse, Gruppe 2 2010/201"]
[Date "2011.02.20"]
[Round "7.1"]
[White "Weber, Peter"]
[Black "Erwich, Marc"]
[Result "1-0"]
[WhiteElo "2201"]
[BlackElo "2296"]
[PlyCount "87"]
[EventDate "2011.??.??"]

1. e4 e5 2. f4 Bc5 3. Nf3 d6 4. Bc4 Nf6 5. Nc3 Nc6 6. d3 a6 7. f5 Na5 8. Bg5 h6
9. Bh4 b5 10. Bb3 c6 11. Qe2 Qe7 12. Nd1 Nxb3 13. axb3 g5 14. Bf2 Bxf2+ 15.
Nxf2 g4 16. Nd2 h5 17. Qe3 c5 18. c4 b4 19. h3 gxh3 20. Rxh3 Rg8 21. Qf3 Bb7
22. Nf1 Qf8 23. Ne3 O-O-O 24. Ke2 Rg5 25. g4 hxg4 26. Nfxg4 Nxg4 27. Nxg4 Qg7
28. Ne3 Rg8 29. Rah1 Qf8 30. Rh7 Bc6 31. Qh3 Be8 32. Qh6 Qxh6 33. R1xh6 Kd7 34.
Rh8 R8g7 35. R6h7 Rxh7 36. Rxh7 Ke7 37. Nd5+ Kf8 38. Rh8+ Rg8 39. Rh6 Bc6 40.
Rxd6 Bxd5 41. Rd8+ Kg7 42. Rxg8+ Kxg8 43. cxd5 Kg7 44. Kf3 1-0

[Event "SV Erkenschwick 1 - SF Monheim 1"]
[Site "NRW-Klasse, Gruppe 2 2010/201"]
[Date "2011.02.20"]
[Round "7.2"]
[White "Willemze, Thomas"]
[Black "Homuth, Wolfgang"]
[Result "1-0"]
[WhiteElo "2350"]
[BlackElo "2200"]
[PlyCount "99"]
[EventDate "2011.??.??"]

1. e4 e5 2. Nf3 Nc6 3. Nc3 Nf6 4. Bb5 Bb4 5. O-O O-O 6. d3 d6 7. Bg5 Bxc3 8.
bxc3 Qe7 9. Re1 Nd8 10. d4 Ne6 11. Bc1 c5 12. Bf1 Nc7 13. h3 Bd7 14. Rb1 b6 15.
Bg5 Rad8 16. Bc4 Ne6 17. Bxe6 Bxe6 18. a4 Bd7 19. a5 b5 20. Qd2 h6 21. Bh4 a6
22. g4 Bc8 23. d5 Rfe8 24. c4 b4 25. Rb3 Qf8 26. g5 hxg5 27. Bxg5 Nh5 28. Bxd8
Rxd8 29. Nh4 Qe7 30. Ng2 f6 31. f4 exf4 32. Nxf4 Qf7 33. Kh2 Re8 34. Nxh5 Qxh5
35. Rg3 Re7 36. Qf4 Qe5 37. Qh4 f5 38. Qg5 fxe4 39. Qxe5 Rxe5 40. Rg6 Bf5 41.
Rxd6 e3 42. Rxa6 Bxc2 43. Re6 Rxe6 44. dxe6 b3 45. a6 b2 46. a7 Be4 47. e7 Kf7
48. e8=Q+ Kxe8 49. Rxe3 Kd7 50. Rb3 1-0

[Event "SV Erkenschwick 1 - SF Monheim 1"]
[Site "NRW-Klasse, Gruppe 2 2010/201"]
[Date "2011.02.20"]
[Round "7.3"]
[White "Stoeber, Michael"]
[Black "van Beek, Alexander"]
[Result "1-0"]
[WhiteElo "2215"]
[BlackElo "2264"]
[PlyCount "69"]
[EventDate "2011.??.??"]

1. Nf3 Nf6 2. d4 e6 3. c4 d5 4. Nc3 Bb4 5. Bg5 Nbd7 6. e3 c5 7. cxd5 exd5 8.
Bd3 Qa5 9. Qc2 c4 10. Bf5 O-O 11. O-O Re8 12. Nd2 g6 13. Bh3 Kg7 14. Rae1 h6
15. Bh4 Bxc3 16. bxc3 Nb6 17. Bxc8 Raxc8 18. Bxf6+ Kxf6 19. e4 Kg7 20. e5 Qa4
21. Qb2 Qc6 22. f4 f5 23. Nf3 Nd7 24. Re3 Nf8 25. Nh4 Rc7 26. g4 Rf7 27. gxf5
gxf5 28. Rg3+ Kh7 29. Qg2 Ree7 30. Qh3 Qd7 31. Kh1 b5 32. Rfg1 Re8 33. Nf3 Ne6
34. Rg6 Rg8 35. Rxg8 1-0

[Event "SV Erkenschwick 1 - SF Monheim 1"]
[Site "NRW-Klasse, Gruppe 2 2010/201"]
[Date "2011.02.20"]
[Round "7.4"]
[White "Erwich, Frank A.S"]
[Black "Rechmann, Peter"]
[Result "1-0"]
[WhiteElo "2282"]
[BlackElo "2276"]
[PlyCount "95"]
[EventDate "2011.??.??"]

1. c4 e5 2. g3 Nf6 3. Bg2 c6 4. d4 exd4 5. Qxd4 Na6 6. Nf3 Bc5 7. Qe5+ Be7 8.
O-O O-O 9. Nc3 Re8 10. Rd1 Bf8 11. Qf5 Qb6 12. Qc2 d5 13. cxd5 Nb4 14. Qa4 Bc5
15. e3 Bf5 16. a3 Bc2 17. axb4 Bxa4 18. bxc5 Bxd1 19. cxb6 axb6 20. Ra3 Rxa3
21. bxa3 Bxf3 22. Bxf3 Rc8 23. Bb2 Nd7 24. Bg4 Rd8 25. Bxd7 Rxd7 26. e4 f5 27.
f3 cxd5 28. Nxd5 fxe4 29. fxe4 Kf7 30. Kf2 Rd6 31. Ke3 Rc6 32. Kd3 g5 33. Bd4
b5 34. Nc3 Rh6 35. Bg1 Rf6 36. Nxb5 Rf1 37. Be3 h6 38. Nd6+ Ke6 39. Nxb7 Rh1
40. a4 Rxh2 41. a5 Ra2 42. Nc5+ Ke5 43. Bd4+ Kd6 44. a6 h5 45. e5+ Kd5 46. e6
Ra3+ 47. Bc3 Kd6 48. Nb7+ 1-0

[Event "SV Erkenschwick 1 - SF Monheim 1"]
[Site "NRW-Klasse, Gruppe 2 2010/201"]
[Date "2011.02.20"]
[Round "7.5"]
[White "Huelsmann, Josef"]
[Black "Krings, Christoph"]
[Result "1-0"]
[WhiteElo "2113"]
[BlackElo "2123"]
[PlyCount "77"]
[EventDate "2011.??.??"]

1. d4 e6 2. e4 d5 3. e5 c5 4. c3 Nc6 5. Nf3 Qb6 6. Bd3 cxd4 7. cxd4 Bd7 8. O-O
Nxd4 9. Nxd4 Qxd4 10. Qe2 a6 11. Kh1 Qh4 12. f4 Nh6 13. Nd2 Bc5 14. Nf3 Qe7 15.
Bd2 Nf5 16. Rac1 Nd4 17. Nxd4 Bxd4 18. a3 Bc6 19. Bb4 Qc7 20. Rc2 g6 21. Qg4 h5
22. Qh4 Qd8 23. Qh3 Kd7 24. Bd6 f5 25. Qg3 h4 26. Qxg6 Qg8 27. Qf6 Re8 28. Rf3
Bb6 29. Bxf5 exf5 30. Rb3 Bd8 31. Qxf5+ Qe6 32. Qd3 Reg8 33. Rxc6 bxc6 34. Rb7+
Ke8 35. Qxa6 Qc8 36. Re7+ Bxe7 37. Qxc8+ Kf7 38. Qd7 Re8 39. Qf5+ 1-0

[Event "SV Erkenschwick 1 - SF Monheim 1"]
[Site "NRW-Klasse, Gruppe 2 2010/201"]
[Date "2011.02.20"]
[Round "7.6"]
[White "Homs, Guust"]
[Black "Vogelmann, Peter"]
[Result "1/2-1/2"]
[WhiteElo "2077"]
[BlackElo "2203"]
[Annotator "Hausrath,Daniel"]
[PlyCount "49"]
[EventDate "2011.??.??"]

1. e4 e5 2. Nf3 d6 3. d4 Nf6 4. dxe5 Nxe4 5. Qd5 Nc5 6. Bg5 Be7 7. exd6 Qxd6 8.
Nc3 Be6 9. Qxd6 Bxd6 10. Nb5 Nc6 11. Nxd6+ cxd6 12. O-O-O O-O 13. Bb5 Ne4 14.
Be3 Rac8 15. a3 a6 16. Bd3 d5 17. Rhe1 h6 18. h3 Rfe8 19. Bb6 Nf6 20. Re2 Nd7
$11 21. Bd4 Nxd4 22. Nxd4 Nc5 23. Kd2 Kf8 24. Rde1 Bd7 25. Rxe8+ 1/2-1/2

[Event "SV Erkenschwick 1 - SF Monheim 1"]
[Site "NRW-Klasse, Gruppe 2 2010/201"]
[Date "2011.02.20"]
[Round "7.7"]
[White "Weber, Franz-Josef"]
[Black "Eggenstein, Frank"]
[Result "1/2-1/2"]
[WhiteElo "2041"]
[BlackElo "2022"]
[PlyCount "38"]
[EventDate "2011.??.??"]

1. e4 e6 2. d4 d5 3. e5 c5 4. c3 Nc6 5. Nf3 Bd7 6. a3 f6 7. Bd3 Qc7 8. O-O
O-O-O 9. Re1 c4 10. Bf1 h6 11. Nbd2 fxe5 12. Nxe5 Nxe5 13. dxe5 Ne7 14. Nf3 Nc6
15. b4 g5 16. Be3 b6 17. a4 Bg7 18. b5 Na5 19. g3 Rdf8 1/2-1/2

[Event "SV Erkenschwick 1 - SF Monheim 1"]
[Site "NRW-Klasse, Gruppe 2 2010/201"]
[Date "2011.02.20"]
[Round "7.8"]
[White "Strozewski, Frank"]
[Black "Reinemer, Frank"]
[Result "1/2-1/2"]
[WhiteElo "1969"]
[BlackElo "2111"]
[Annotator "Hausrath,Daniel"]
[PlyCount "91"]
[EventDate "2011.??.??"]

1. c4 f5 2. d4 Nf6 3. Nc3 g6 4. g3 Bg7 5. Bg2 d6 6. Nf3 O-O 7. O-O Qe8 8. b3 c6
9. Ba3 h6 10. e3 g5 11. Qe2 Na6 12. Rfe1 Qg6 13. b4 Nc7 14. b5 Bd7 15. c5 Ne4
16. bxc6 Nxc3 17. Qc4+ Qe6 18. Qxc3 Bxc6 19. Bb4 a5 20. Ba3 Nb5 21. Qc1 Nxa3
22. Qxa3 $11 dxc5 23. Qxc5 Rfc8 24. Qa3 b5 25. Rac1 b4 26. Qb2 Be4 27. Nd2 Bxg2
28. Kxg2 Qd5+ 29. Kg1 e5 30. dxe5 Bxe5 31. Qb3 Qxb3 32. Nxb3 a4 33. Nd4 Bxd4
34. exd4 Rxc1 35. Rxc1 b3 36. axb3 axb3 37. Rb1 Rb8 38. Kf1 Kf7 39. Ke2 Ke6 40.
Rb2 Kd5 41. Kd3 g4 42. Kc3 Ke4 43. Re2+ Kf3 44. Rb2 Ke4 45. Re2+ Kf3 46. Rb2
1/2-1/2

[Event "Bielefelder SK 1 - SK Münster 2"]
[Site "NRW-Klasse, Gruppe 2 2010/201"]
[Date "2011.02.20"]
[Round "7.1"]
[White "Emunds, Hans Georg"]
[Black "Forchert, Martin"]
[Result "0-1"]
[WhiteElo "2141"]
[BlackElo "2340"]
[PlyCount "68"]
[EventDate "2011.??.??"]

1. e4 d5 2. exd5 Qxd5 3. Nc3 Qa5 4. d4 Nf6 5. Nf3 c6 6. Bc4 Bf5 7. Bd2 e6 8.
Ne4 Qb6 9. Ng3 Bg4 10. c3 Nbd7 11. Bb3 a5 12. O-O h5 13. h3 h4 14. hxg4 hxg3
15. fxg3 a4 16. Bc4 Nxg4 17. Qe2 Be7 18. Rae1 Ndf6 19. Bg5 O-O-O 20. Bxf6 Bxf6
21. Bxe6+ fxe6 22. Qxe6+ Kb8 23. Qxg4 Qxb2 24. Qf4+ Ka8 25. Qd2 Qb5 26. g4 g5
27. Rb1 Qd5 28. Qc2 Qc4 29. Rb4 Rh1+ 30. Kxh1 Qxf1+ 31. Kh2 Be7 32. Rxa4+ Kb8
33. Qe4 Bd6+ 34. Ne5 Qf2 0-1